[Event "2023 US National Elementary K-6 Championship"]
[Site "Baltimore, Maryland, United States"]
[Date "2023.05.13"]
[Round "3.10"]
[White "Rallabandi, Krishna"]
[Black "Karthigeyan, Kishan"]
[Result "1-0"]
[TimeControl "G/90; d10"]
[WhiteElo "2095"]
[BlackElo "1763"]

1. d4 {[%clk 01:30:00]} {[%emt 13:45:42]} d5 {[%clk 01:30:00]} {[%emt
00:00:06]} 2. c4 {[%clk 01:29:53]} {[%emt 00:00:16]} c6 {[%clk 01:30:00]}
{[%emt 00:00:06]} 3. Nc3 {[%clk 01:29:53]} {[%emt 00:00:08]} Nf6 {[%clk
01:30:00]} {[%emt 00:00:06]} 4. e3 {[%clk 01:29:27]} {[%emt 00:00:36]} e6
{[%clk 01:29:49]} {[%emt 00:00:21]} 5. Nf3 {[%clk 01:29:17]} {[%emt 00:00:20]}
Nbd7 {[%clk 01:29:35]} {[%emt 00:00:25]} 6. Qc2 {[%clk 01:28:53]} {[%emt
00:00:34]} Bd6 {[%clk 01:29:35]} {[%emt 00:00:09]} 7. b3 {[%clk 01:28:27]}
{[%emt 00:00:37]} O-O {[%clk 01:28:36]} {[%emt 00:01:08]} 8. Be2 {[%clk
01:28:22]} {[%emt 00:00:15]} b6 {[%clk 01:26:03]} {[%emt 00:02:44]} 9. O-O
{[%clk 01:28:22]} {[%emt 00:00:08]} Bb7 {[%clk 01:25:55]} {[%emt 00:00:18]} 10.
Bb2 {[%clk 01:28:22]} {[%emt 00:00:09]} Qc7 {[%clk 01:25:11]} {[%emt 00:00:53]}
11. e4 {[%clk 01:24:41]} {[%emt 00:03:52]} e5 {[%clk 01:21:38]} {[%emt
00:04:24]} 12. exd5 {[%clk 01:22:46]} {[%emt 00:01:23]} cxd5 {[%clk 01:21:32]}
{[%emt 00:00:16]} 13. Nb5 {[%clk 01:22:24]} {[%emt 00:00:32]} Qb8 {[%clk
01:14:26]} {[%emt 00:07:15]} 14. Nxd6 {[%clk 01:21:15]} {[%emt 00:01:19]} e4
{[%clk 01:14:22]} {[%emt 00:00:14]} 15. c5 {[%clk 01:14:32]} {[%emt 00:06:54]}
exf3 {[%clk 01:11:30]} {[%emt 00:03:02]} 16. Bxf3 {[%clk 01:14:02]} {[%emt
00:00:39]} Bc6 {[%clk 01:04:27]} {[%emt 00:07:13]} 17. Rfe1 {[%clk 01:11:29]}
{[%emt 00:02:44]} Qc7 {[%clk 00:56:29]} {[%emt 00:08:07]} 18. Nf5 {[%clk
01:09:16]} {[%emt 00:02:22]} Rfe8 {[%clk 00:43:04]} {[%emt 00:13:36]} 19. Ne7+
{[%clk 01:07:21]} {[%emt 00:02:05]} Kh8 {[%clk 00:40:12]} {[%emt 00:03:02]} 20.
cxb6 {[%clk 01:05:04]} {[%emt 00:02:27]} Nxb6 {[%clk 00:34:29]} {[%emt
00:05:53]} 21. Nxc6 {[%clk 01:02:17]} {[%emt 00:02:57]} a5 {[%clk 00:29:22]}
{[%emt 00:05:17]} 22. Nb4 {[%clk 01:01:24]} {[%emt 00:01:03]} Qd6 {[%clk
00:25:50]} {[%emt 00:03:43]} 23. Nd3 {[%clk 01:00:27]} {[%emt 00:01:07]} Rac8
{[%clk 00:25:09]} {[%emt 00:00:51]} 24. Qd2 {[%clk 00:59:43]} {[%emt 00:00:53]}
Ne4 {[%clk 00:25:04]} {[%emt 00:00:15]} 25. Qxa5 {[%clk 00:59:14]} {[%emt
00:00:39]} Rc2 {[%clk 00:24:10]} {[%emt 00:01:03]} 26. Rac1 {[%clk 00:58:03]}
{[%emt 00:01:23]} Rxc1 {[%clk 00:22:31]} {[%emt 00:01:48]} 27. Bxc1 {[%clk
00:56:45]} {[%emt 00:01:29]} Ra8 {[%clk 00:21:56]} {[%emt 00:00:43]} 28. Qb5
{[%clk 00:56:09]} {[%emt 00:00:47]} f5 {[%clk 00:20:55]} {[%emt 00:01:11]} 29.
Ne5 {[%clk 00:54:55]} {[%emt 00:01:24]} Rf8 {[%clk 00:18:11]} {[%emt 00:02:53]}
30. Bf4 {[%clk 00:54:04]} {[%emt 00:01:02]} Qf6 {[%clk 00:17:25]} {[%emt
00:00:56]} 31. Bxe4 {[%clk 00:53:14]} {[%emt 00:01:00]} fxe4 {[%clk 00:17:25]}
{[%emt 00:00:09]} 32. Bg3 {[%clk 00:53:14]} {[%emt 00:00:07]} h6 {[%clk
00:16:56]} {[%emt 00:00:39]} 33. Qc6 {[%clk 00:51:51]} {[%emt 00:01:33]} Qxc6
{[%clk 00:16:28]} {[%emt 00:00:38]} 34. Nxc6 {[%clk 00:51:51]} {[%emt
00:00:03]} Rc8 {[%clk 00:16:28]} {[%emt 00:00:09]} 35. Nb4 {[%clk 00:51:47]}
{[%emt 00:00:14]} g5 {[%clk 00:15:52]} {[%emt 00:00:46]} 36. a4 {[%clk
00:51:47]} {[%emt 00:00:10]} Ra8 {[%clk 00:15:52]} {[%emt 00:00:04]} 37. Bc7
{[%clk 00:51:47]} {[%emt 00:00:05]} 1-0

[Event "2023 US National Elementary K-6 Championship"]
[Site "Baltimore, Maryland, United States"]
[Date "2023.05.13"]
[Round "3.20"]
[White "Mansurov, Umar"]
[Black "Cheng, Samuel"]
[Result "1-0"]
[TimeControl "G/90; d10"]
[WhiteElo "1473"]
[BlackElo "1767"]

1. e4 {[%clk 01:30:00]} {[%emt 00:00:03]} c6 {[%clk 01:30:00]} 2. d4 {[%clk
01:30:00]} d5 {[%clk 01:30:00]} 3. Nc3 {[%clk 01:29:59]} dxe4 {[%clk 01:30:00]}
4. Nxe4 {[%clk 01:29:59]} {[%emt 00:00:04]} Nf6 {[%clk 01:30:00]} 5. Nxf6+
{[%clk 01:29:46]} exf6 {[%clk 01:30:00]} 6. Nf3 Bd6 {[%clk 01:30:00]} {[%emt
00:00:04]} 7. Be2 {[%clk 01:28:24]} O-O {[%clk 01:29:59]} 8. O-O {[%clk
01:28:20]} Re8 {[%clk 01:29:53]} {[%emt 00:00:04]} 9. Be3 {[%clk 01:28:13]} Nd7
{[%clk 01:29:07]} 10. Qd2 {[%clk 01:27:05]} Nf8 {[%clk 01:28:13]} 11. Rfd1
{[%clk 01:26:38]} Be6 {[%clk 01:23:32]} {[%emt 00:00:04]} 12. Rac1 {[%clk
01:23:19]} Qd7 {[%clk 01:20:28]} {[%emt 00:01:08]} 13. c4 {[%clk 01:22:42]}
{[%emt 00:00:50]} Rad8 {[%clk 01:19:47]} {[%emt 00:00:51]} 14. d5 {[%clk
01:21:57]} {[%emt 00:00:53]} cxd5 {[%clk 01:16:27]} {[%emt 00:04:07]} 15. cxd5
{[%clk 01:19:12]} {[%emt 00:02:37]} Bg4 {[%clk 01:15:42]} {[%emt 00:00:35]} 16.
Nd4 {[%clk 01:11:39]} {[%emt 00:07:44]} Bxe2 {[%clk 01:12:49]} {[%emt
00:03:02]} 17. Nxe2 {[%clk 01:10:32]} {[%emt 00:01:32]} Ng6 {[%clk 01:11:38]}
{[%emt 00:01:18]} 18. Nf4 {[%clk 01:03:45]} {[%emt 00:06:53]} Nh4 {[%clk
01:08:26]} {[%emt 00:03:13]} 19. h3 {[%clk 01:03:15]} {[%emt 00:00:44]} g5
{[%clk 01:06:04]} {[%emt 00:02:32]} 20. Nh5 {[%clk 00:57:16]} {[%emt 00:06:06]}
Qf5 {[%clk 01:03:14]} {[%emt 00:03:11]} 21. Qd3 {[%clk 00:51:09]} {[%emt
00:06:07]} Qe5 {[%clk 00:48:57]} {[%emt 00:14:22]} 22. g3 {[%clk 00:36:31]}
{[%emt 00:14:51]} a6 {[%clk 00:40:23]} {[%emt 00:08:46]} 23. Bd4 {[%clk
00:31:06]} {[%emt 00:05:39]} Qxd4 {[%clk 00:38:53]} {[%emt 00:01:37]} 24. Qxd4
{[%clk 00:30:59]} {[%emt 00:00:15]} Nf3+ {[%clk 00:38:53]} {[%emt 00:00:18]} 25.
Kg2 {[%clk 00:30:51]} {[%emt 00:00:07]} Nxd4 {[%clk 00:38:53]} {[%emt
00:00:06]} 26. Nxf6+ {[%clk 00:30:39]} {[%emt 00:00:29]} Kh8 {[%clk 00:36:29]}
{[%emt 00:02:25]} 27. Nxe8 {[%clk 00:28:49]} {[%emt 00:02:30]} Be5 {[%clk
00:33:58]} {[%emt 00:02:11]} 28. Nc7 {[%clk 00:21:09]} {[%emt 00:07:50]} Nf5
{[%clk 00:32:30]} {[%emt 00:01:53]} 29. d6 {[%clk 00:19:58]} {[%emt 00:01:25]}
Nxd6 {[%clk 00:30:46]} {[%emt 00:01:37]} 30. Nd5 {[%clk 00:16:52]} {[%emt
00:03:19]} Bxb2 {[%clk 00:30:04]} {[%emt 00:00:47]} 31. Rc2 {[%clk 00:16:21]}
{[%emt 00:00:42]} Be5 {[%clk 00:29:24]} {[%emt 00:00:48]} 32. Ne3 {[%clk
00:16:15]} {[%emt 00:00:30]} Re8 {[%clk 00:27:06]} {[%emt 00:02:17]} 33. Ng4
{[%clk 00:15:48]} {[%emt 00:00:34]} Nb5 {[%clk 00:24:25]} {[%emt 00:02:51]} 34.
Re1 {[%clk 00:15:19]} {[%emt 00:00:46]} Na3 {[%clk 00:23:17]} {[%emt 00:01:11]}
35. Rce2 {[%clk 00:15:03]} {[%emt 00:00:27]} f6 {[%clk 00:23:10]} {[%emt
00:00:18]} 36. f4 {[%clk 00:14:45]} {[%emt 00:00:32]} h5 {[%clk 00:23:03]}
{[%emt 00:00:13]} 37. Nxf6 {[%clk 00:14:31]} {[%emt 00:00:20]} Bxf6 {[%clk
00:22:12]} {[%emt 00:01:01]} 38. Rxe8+ {[%clk 00:14:29]} {[%emt 00:00:25]} Kg7
{[%clk 00:22:12]} 39. fxg5 {[%clk 00:14:17]} {[%emt 00:00:17]} Bxg5 {[%clk
00:22:12]} {[%emt 00:00:06]} 40. Rb8 {[%clk 00:14:08]} {[%emt 00:00:37]} Nc2
{[%clk 00:21:42]} {[%emt 00:00:21]} 41. Rxb7+ {[%clk 00:14:06]} {[%emt
00:00:13]} 1-0

[Event "2023 US National Elementary K-6 Championship"]
[Site "Baltimore, Maryland, United States"]
[Date "2023.05.13"]
[Round "3.5"]
[White "Javeri, Arhan"]
[Black "Williams, Oscar"]
[Result "0-1"]
[TimeControl "G/90; d10"]
[WhiteElo "1648"]
[BlackElo "2025"]

1. Nf3 {[%clk 01:30:00]} Nf6 {[%clk 01:30:00]} 2. c4 {[%clk 01:30:00]} {[%emt
00:00:02]} g6 {[%clk 01:29:54]} 3. d4 {[%clk 01:30:00]} Bg7 {[%clk 01:29:54]} 4.
Nc3 {[%clk 01:30:00]} O-O {[%clk 01:29:54]} 5. e4 {[%clk 01:30:00]} d6 {[%clk
01:29:54]} 6. h3 {[%clk 01:30:00]} {[%emt 00:00:04]} e5 {[%clk 01:29:50]} 7. d5
{[%clk 01:29:50]} a5 {[%clk 01:29:48]} 8. g4 {[%clk 01:27:51]} Na6 {[%clk
01:29:24]} 9. Be3 {[%clk 01:26:14]} Nc5 {[%clk 01:27:55]} 10. Bxc5 {[%clk
01:24:52]} dxc5 {[%clk 01:27:55]} {[%emt 00:00:04]} 11. Bd3 {[%clk 01:24:41]}
h5 {[%clk 01:26:35]} 12. Nxe5 {[%clk 01:17:22]} {[%emt 00:00:46]} hxg4 {[%clk
01:23:43]} {[%emt 00:03:02]} 13. Nxg4 {[%clk 01:16:45]} {[%emt 00:00:45]} Nxg4
{[%clk 01:23:39]} {[%emt 00:00:41]} 14. hxg4 {[%clk 01:16:33]} {[%emt
00:00:04]} Qg5 {[%clk 01:23:32]} {[%emt 00:00:08]} 15. Be2 {[%clk 01:11:00]}
{[%emt 00:05:44]} Re8 {[%clk 01:23:28]} {[%emt 00:00:17]} 16. f3 {[%clk
01:06:56]} {[%emt 00:04:17]} Be5 {[%clk 01:22:23]} {[%emt 00:01:09]} 17. Kf1
{[%clk 01:00:04]} {[%emt 00:07:04]} Bd7 {[%clk 01:20:15]} {[%emt 00:02:16]} 18.
Qc1 {[%clk 00:59:10]} {[%emt 00:01:03]} Bf4 {[%clk 01:17:58]} {[%emt 00:02:27]}
19. Qe1 {[%clk 00:58:56]} {[%emt 00:00:22]} Kg7 {[%clk 01:16:13]} {[%emt
00:01:58]} 20. Qh4 {[%clk 00:54:53]} {[%emt 00:04:13]} Qxh4 {[%clk 01:12:37]}
{[%emt 00:03:46]} 21. Rxh4 {[%clk 00:54:30]} {[%emt 00:00:36]} Rh8 {[%clk
01:12:35]} {[%emt 00:00:13]} 22. Rxh8 {[%emt 00:00:07]} Rxh8 23. Kg1 {[%clk
00:54:24]} {[%emt 00:00:14]} Kf6 {[%clk 01:11:17]} {[%emt 00:01:19]} 24. Rd1
{[%clk 00:51:53]} {[%emt 00:02:43]} Be5 {[%clk 01:10:21]} {[%emt 00:01:03]} 25.
Kf2 {[%clk 00:48:54]} {[%emt 00:03:34]} Kg5 {[%clk 01:08:49]} {[%emt 00:01:18]}
26. Ke3 {[%clk 00:45:41]} {[%emt 00:03:21]} Rh3 {[%clk 01:07:47]} {[%emt
00:01:13]} 27. Bf1 {[%clk 00:41:02]} {[%emt 00:04:47]} Bd4+ {[%clk 01:05:26]}
{[%emt 00:02:33]} 28. Rxd4 {[%clk 00:31:20]} {[%emt 00:10:09]} cxd4+ {[%clk
01:05:01]} {[%emt 00:00:55]} 29. Kxd4 {[%clk 00:31:20]} Rxf3 {[%clk 01:04:49]}
30. Be2 {[%clk 00:31:20]} Rf4 {[%clk 01:03:10]} {[%emt 00:01:40]} 31. c5 {[%clk
00:29:11]} {[%emt 00:02:27]} Kf6 {[%clk 00:57:45]} {[%emt 00:05:27]} 32. Ke3
{[%clk 00:29:03]} {[%emt 00:00:28]} Ke5 {[%clk 00:51:26]} {[%emt 00:06:28]} 33.
g5 {[%clk 00:29:02]} {[%emt 00:00:04]} Rh4 {[%clk 00:50:47]} {[%emt 00:00:45]}
34. Kd3 {[%clk 00:26:26]} {[%emt 00:02:49]} Bg4 {[%clk 00:48:06]} {[%emt
00:02:50]} 35. Bxg4 {[%clk 00:26:09]} {[%emt 00:00:29]} Rxg4 {[%clk 00:48:06]}
{[%emt 00:00:03]} 36. Kc4 {[%clk 00:25:41]} {[%emt 00:00:38]} c6 {[%clk
00:44:50]} {[%emt 00:03:24]} 37. d6 {[%clk 00:25:05]} {[%emt 00:00:46]} Ke6
{[%clk 00:44:36]} {[%emt 00:00:23]} 38. a3 {[%clk 00:25:05]} {[%emt 00:00:28]}
Rxg5 {[%clk 00:44:23]} {[%emt 00:00:10]} 39. b4 {[%clk 00:25:05]} {[%emt
00:00:03]} axb4 {[%emt 00:00:22]} 40. axb4 {[%clk 00:24:40]} {[%emt 00:00:34]}
Rg1 {[%clk 00:40:42]} {[%emt 00:03:30]} 41. b5 {[%clk 00:24:04]} {[%emt
00:00:46]} Rc1 {[%clk 00:39:51]} {[%emt 00:01:29]} 42. bxc6 {[%clk 00:23:05]}
{[%emt 00:00:41]} bxc6 {[%clk 00:39:51]} {[%emt 00:00:19]} 43. Kd4 {[%clk
00:22:57]} {[%emt 00:00:13]} g5 {[%clk 00:38:27]} {[%emt 00:01:39]} 44. e5
{[%clk 00:22:02]} {[%emt 00:00:58]} g4 {[%clk 00:36:44]} {[%emt 00:01:53]} 45.
Ne4 {[%clk 00:21:54]} {[%emt 00:00:20]} Rd1+ {[%clk 00:36:17]} {[%emt
00:00:33]} 46. Ke3 {[%clk 00:21:54]} {[%emt 00:00:12]} Kxe5 {[%clk 00:33:08]}
{[%emt 00:03:18]} 47. Nf2 {[%clk 00:21:54]} {[%emt 00:00:09]} Rd5 {[%clk
00:32:06]} {[%emt 00:01:10]} 48. Nxg4+ {[%clk 00:21:54]} {[%emt 00:00:12]} Ke6
{[%clk 00:32:00]} {[%emt 00:00:23]} 49. Nf2 {[%clk 00:21:18]} {[%emt 00:01:02]}
Rxc5 {[%clk 00:32:00]} {[%emt 00:00:04]} 50. Ne4 {[%clk 00:21:18]} Re5 {[%clk
00:31:55]} 51. Kf4 {[%clk 00:21:14]} {[%emt 00:00:06]} Rxe4+ {[%clk 00:31:55]}
{[%emt 00:00:08]} 52. Kxe4 {[%clk 00:21:14]} {[%emt 00:00:14]} Kxd6 {[%clk
00:31:55]} 53. Kd4 {[%clk 00:21:10]} {[%emt 00:00:12]} f5 {[%clk 00:31:55]}
{[%emt 00:00:11]} 54. Ke3 {[%clk 00:21:10]} {[%emt 00:00:05]} Ke5 {[%clk
00:31:55]} {[%emt 00:00:09]} 55. Kf3 {[%clk 00:21:10]} {[%emt 00:00:09]} c5
{[%clk 00:31:55]} {[%emt 00:00:10]} 56. Ke3 {[%clk 00:21:10]} {[%emt 00:00:04]}
c4 {[%clk 00:31:55]} {[%emt 00:00:03]} 57. Kd2 {[%clk 00:21:10]} {[%emt
00:00:03]} f4 {[%clk 00:31:55]} {[%emt 00:00:08]} 58. Kc3 {[%clk 00:21:10]}
{[%emt 00:00:03]} f3 {[%clk 00:31:55]} {[%emt 00:00:07]} 59. Kd2 {[%clk
00:21:10]} {[%emt 00:00:07]} c3+ {[%clk 00:31:55]} {[%emt 00:00:30]} 60. Ke1
{[%clk 00:21:10]} {[%emt 00:00:04]} c2 {[%clk 00:31:54]} 61. Kd2 {[%clk
00:21:10]} f2 {[%clk 00:31:48]} {[%emt 00:00:10]} 62. Ke3 {[%clk 00:21:10]}
f1=Q {[%clk 00:31:40]} {[%emt 00:00:26]} 63. Kd2 {[%clk 00:21:10]} c1=Q# {[%clk
00:30:09]} {[%emt 00:00:32]} 0-1

[Event "2023 US National Elementary K-6 Championship"]
[Site "Baltimore, Maryland, United States"]
[Date "2023.05.13"]
[Round "3.16"]
[White "Alexander, Damian"]
[Black "Zhu, Linxi"]
[Result "0-1"]
[TimeControl "G/90; d10"]
[WhiteElo "1536"]
[BlackElo "2004"]

1. e4 {[%clk 01:30:00]} {[%emt 00:00:03]} c5 {[%clk 01:30:00]} {[%emt
00:00:05]} 2. c3 {[%clk 01:30:00]} {[%emt 00:00:06]} d5 {[%clk 01:30:00]}
{[%emt 00:00:06]} 3. exd5 {[%clk 01:29:55]} {[%emt 00:00:13]} Qxd5 {[%clk
01:30:00]} {[%emt 00:00:05]} 4. d4 {[%clk 01:29:55]} {[%emt 00:00:08]} Nc6
{[%clk 01:28:57]} {[%emt 00:01:13]} 5. Nf3 {[%clk 01:29:53]} {[%emt 00:00:12]}
Nf6 {[%clk 01:28:40]} {[%emt 00:00:28]} 6. Be3 {[%clk 01:29:53]} {[%emt
00:00:10]} cxd4 {[%clk 01:25:09]} {[%emt 00:03:42]} 7. Nxd4 {[%clk 01:29:47]}
{[%emt 00:00:15]} Nxd4 {[%clk 01:20:47]} {[%emt 00:04:33]} 8. Qxd4 {[%clk
01:29:33]} {[%emt 00:00:23]} Qxd4 {[%clk 01:19:54]} {[%emt 00:01:03]} 9. Bxd4
{[%clk 01:29:29]} {[%emt 00:00:13]} Bf5 {[%clk 01:18:41]} {[%emt 00:04:31]} 10.
Bc4 {[%clk 01:29:04]} Rc8 {[%clk 01:15:34]} {[%emt 00:00:46]} 11. Bb5+ {[%clk
01:28:41]} {[%emt 00:00:32]} Bd7 {[%clk 01:15:34]} {[%emt 00:00:07]} 12. Bxd7+
{[%clk 01:28:39]} {[%emt 00:00:12]} Nxd7 {[%clk 01:15:34]} {[%emt 00:00:05]} 13.
Nd2 {[%clk 01:28:32]} {[%emt 00:00:15]} e5 {[%clk 01:15:30]} {[%emt 00:00:15]}
14. Be3 {[%clk 01:28:24]} {[%emt 00:00:18]} f5 {[%clk 01:14:47]} {[%emt
00:00:53]} 15. f3 {[%clk 01:28:15]} {[%emt 00:00:18]} Kf7 {[%clk 01:09:53]}
{[%emt 00:05:05]} 16. O-O-O {[%clk 01:28:10]} {[%emt 00:00:14]} Nf6 {[%clk
01:02:14]} {[%emt 00:07:50]} 17. Nb3 {[%clk 01:27:35]} {[%emt 00:00:44]} b6
{[%clk 01:01:32]} {[%emt 00:00:53]} 18. Rhe1 {[%clk 01:27:35]} {[%emt
00:00:09]} h6 {[%clk 00:56:16]} {[%emt 00:05:26]} 19. Bf2 {[%clk 01:27:18]}
{[%emt 00:00:27]} e4 {[%clk 00:56:04]} {[%emt 00:00:23]} 20. Bd4 {[%clk
01:27:17]} {[%emt 00:00:11]} exf3 {[%clk 00:52:58]} {[%emt 00:03:16]} 21. gxf3
{[%clk 01:27:17]} {[%emt 00:00:10]} Bd6 {[%clk 00:51:40]} {[%emt 00:01:28]} 22.
Be5 {[%clk 01:26:16]} {[%emt 00:01:06]} Bxe5 {[%clk 00:51:36]} {[%emt
00:00:19]} 23. Rxe5 {[%clk 01:26:16]} {[%emt 00:00:07]} g6 {[%clk 00:51:11]}
{[%emt 00:00:37]} 24. Nd4 {[%clk 01:26:11]} {[%emt 00:00:15]} Rhe8 {[%clk
00:50:15]} {[%emt 00:01:06]} 25. f4 {[%clk 01:25:44]} {[%emt 00:00:35]} Rxe5
{[%clk 00:43:51]} {[%emt 00:06:36]} 26. fxe5 {[%clk 01:25:44]} {[%emt
00:00:06]} Ng4 {[%clk 00:43:33]} {[%emt 00:00:28]} 27. e6+ {[%clk 01:25:34]}
{[%emt 00:00:20]} Kf6 {[%clk 00:39:35]} {[%emt 00:04:09]} 28. h4 {[%clk
01:25:30]} {[%emt 00:00:13]} Nf2 {[%clk 00:39:01]} {[%emt 00:00:45]} 29. Rf1
{[%clk 01:25:20]} {[%emt 00:00:15]} Nd3+ {[%clk 00:38:18]} {[%emt 00:00:57]} 30.
Kc2 {[%clk 01:25:19]} {[%emt 00:00:10]} Nc5 {[%clk 00:38:06]} {[%emt 00:00:24]}
31. h5 {[%clk 01:24:52]} {[%emt 00:00:37]} Nxe6 {[%clk 00:38:05]} {[%emt
00:00:11]} 32. Nxe6 {[%clk 01:24:49]} {[%emt 00:00:12]} Kxe6 {[%clk 00:38:05]}
{[%emt 00:00:05]} 33. hxg6 {[%clk 01:24:49]} {[%emt 00:00:07]} Rg8 {[%clk
00:37:34]} {[%emt 00:00:42]} 34. b4 {[%clk 01:24:48]} {[%emt 00:00:12]} Rxg6
{[%clk 00:37:34]} {[%emt 00:00:09]} 35. c4 {[%clk 01:24:48]} {[%emt 00:00:05]}
Ke5 {[%clk 00:37:24]} {[%emt 00:00:20]} 36. Kd3 {[%clk 01:24:22]} {[%emt
00:00:35]} Rg3+ {[%clk 00:36:30]} {[%emt 00:01:04]} 37. Kc2 {[%clk 01:24:22]}
{[%emt 00:00:10]} f4 {[%clk 00:35:21]} {[%emt 00:01:21]} 38. c5 {[%clk
01:24:22]} {[%emt 00:00:07]} bxc5 {[%clk 00:34:36]} {[%emt 00:00:55]} 39. bxc5
{[%clk 01:24:22]} {[%emt 00:00:05]} Ke4 {[%clk 00:33:07]} {[%emt 00:01:40]} 40.
Re1+ {[%clk 01:24:03]} {[%emt 00:00:28]} Kd5 {[%clk 00:33:07]} {[%emt
00:00:11]} 41. Rf1 {[%clk 01:23:55]} {[%emt 00:00:17]} f3 {[%clk 00:32:27]}
{[%emt 00:00:51]} 42. Kd3 {[%clk 01:23:54]} {[%emt 00:00:09]} Kxc5 {[%clk
00:32:17]} {[%emt 00:00:22]} 43. Ke3 {[%clk 01:23:54]} {[%emt 00:00:08]} a5
{[%clk 00:29:32]} {[%emt 00:02:56]} 44. Kf4 {[%clk 01:23:54]} {[%emt 00:00:08]}
Rg2 {[%clk 00:29:25]} {[%emt 00:00:18]} 45. a3 {[%clk 01:23:50]} {[%emt
00:00:14]} f2 {[%clk 00:27:48]} {[%emt 00:01:47]} 46. Kf3 {[%clk 01:23:50]}
{[%emt 00:00:06]} Rg1 {[%clk 00:27:48]} {[%emt 00:00:04]} 47. Rxf2 {[%clk
01:23:50]} {[%emt 00:00:06]} Ra1 {[%clk 00:27:48]} {[%emt 00:00:03]} 48. Kg4
{[%clk 01:23:46]} {[%emt 00:00:15]} Rxa3 {[%clk 00:27:36]} {[%emt 00:00:23]} 49.
Rf5+ {[%clk 01:23:46]} {[%emt 00:00:07]} Kb4 {[%clk 00:26:15]} {[%emt
00:01:31]} 50. Rf4+ {[%clk 01:23:46]} {[%emt 00:00:08]} Kb3 {[%clk 00:26:13]}
{[%emt 00:00:11]} 51. Rf3+ {[%clk 01:23:46]} {[%emt 00:00:07]} Kb2 {[%clk
00:26:13]} {[%emt 00:00:03]} 52. Rf2+ {[%clk 01:23:46]} {[%emt 00:00:06]} Kc1
{[%clk 00:25:58]} {[%emt 00:00:26]} 53. Rf1+ {[%clk 01:23:46]} {[%emt
00:00:06]} Kd2 {[%clk 00:25:50]} {[%emt 00:00:17]} 54. Rf2+ {[%clk 01:23:46]}
{[%emt 00:00:06]} Ke1 {[%clk 00:25:50]} {[%emt 00:00:05]} 55. Rb2 {[%clk
01:23:46]} {[%emt 00:00:07]} a4 {[%clk 00:25:27]} {[%emt 00:00:34]} 56. Rb1+
{[%clk 01:23:46]} {[%emt 00:00:06]} Kd2 {[%clk 00:25:27]} {[%emt 00:00:06]} 57.
Rf1 {[%clk 01:23:46]} {[%emt 00:00:06]} Rb3 {[%clk 00:25:11]} {[%emt 00:00:27]}
58. Rf2+ {[%clk 01:23:46]} {[%emt 00:00:10]} Kc1 {[%clk 00:25:11]} {[%emt
00:00:05]} 59. Rf1+ {[%clk 01:23:46]} {[%emt 00:00:06]} Kb2 {[%clk 00:25:11]}
{[%emt 00:00:09]} 60. Rf2+ {[%clk 01:23:46]} {[%emt 00:00:05]} Ka1 {[%clk
00:24:22]} {[%emt 00:01:00]} 61. Kf4 {[%clk 01:23:33]} {[%emt 00:00:21]} a3
{[%clk 00:24:22]} {[%emt 00:00:06]} 62. Ke4 {[%clk 01:23:33]} {[%emt 00:00:06]}
Rc3 {[%clk 00:21:44]} {[%emt 00:02:47]} 63. Kd4 {[%clk 01:23:33]} {[%emt
00:00:09]} Rc1 {[%clk 00:21:30]} {[%emt 00:00:25]} 64. Kd3 {[%clk 01:23:19]}
{[%emt 00:00:24]} Rc6 {[%clk 00:18:54]} {[%emt 00:02:44]} 65. Rf1+ {[%clk
01:23:19]} {[%emt 00:00:11]} Kb2 {[%clk 00:18:28]} {[%emt 00:00:36]} 66. Rf2+
{[%clk 01:23:16]} {[%emt 00:00:13]} Kb3 {[%clk 00:18:28]} {[%emt 00:00:04]} 67.
Rf1 {[%clk 01:22:59]} {[%emt 00:00:27]} a2 {[%clk 00:18:28]} {[%emt 00:00:07]}
68. Ke3 {[%clk 01:22:59]} {[%emt 00:00:07]} Kb2 {[%clk 00:18:28]} {[%emt
00:00:08]} 69. Ke2 {[%clk 01:22:59]} {[%emt 00:00:06]} Rc1 {[%clk 00:18:23]}
{[%emt 00:00:14]} 70. Rf8 {[%clk 01:22:57]} {[%emt 00:00:12]} a1=Q {[%clk
00:18:23]} {[%emt 00:00:07]} 71. Rb8+ {[%clk 01:22:57]} {[%emt 00:00:05]} Kc3
{[%clk 00:18:23]} {[%emt 00:00:07]} 72. Rc8+ {[%clk 01:22:57]} {[%emt
00:00:10]} Kd4 {[%clk 00:18:23]} {[%emt 00:00:05]} 73. Rd8+ {[%clk 01:22:57]}
{[%emt 00:00:05]} Ke5 {[%clk 00:18:23]} {[%emt 00:00:04]} 74. Re8+ {[%clk
01:22:57]} {[%emt 00:00:06]} Kf6 {[%clk 00:18:03]} {[%emt 00:00:29]} 75. Rf8+
{[%clk 01:22:57]} {[%emt 00:00:10]} Kg7 {[%clk 00:17:55]} {[%emt 00:00:18]} 76.
Rb8 {[%clk 01:22:56]} {[%emt 00:00:11]} Rc2+ {[%clk 00:17:54]} {[%emt
00:00:10]} 77. Kd3 {[%clk 01:22:56]} {[%emt 00:00:08]} Qc3+ {[%clk 00:17:54]}
{[%emt 00:00:05]} 78. Ke4 {[%clk 01:22:56]} {[%emt 00:00:08]} Re2+ {[%clk
00:17:54]} {[%emt 00:00:10]} 79. Kd5 {[%clk 01:22:56]} {[%emt 00:00:06]} Re5+
{[%clk 00:17:28]} {[%emt 00:00:34]} 80. Kd6 {[%clk 01:22:56]} {[%emt 00:00:05]}
Qc5+ {[%clk 00:17:28]} {[%emt 00:00:07]} 81. Kd7 {[%clk 01:22:56]} {[%emt
00:00:10]} Re7+ {[%clk 00:17:27]} {[%emt 00:00:12]} 82. Kd8 {[%clk 01:22:56]}
{[%emt 00:00:05]} Qc7# {[%clk 00:17:25]} {[%emt 00:00:12]} 0-1